Menor País de Cada Continente - Statistics

Estatísticas Gerais
  • Esse quiz foi jogado 247 vezes
  • A pontuação média é 3 de 7
Estatísticas das Respostas
Continente País % Correto
Europa Vaticano
86%
América do Sul Suriname
79%
América do Norte México
71%
Oceania Nauru
44%
América Central São Cristóvão e Nevis
32%
Ásia Maldivas
23%
África Gâmbia
10%
Nenhum quiz correspondente encontrado
Distribuição das Pontuações
Porcentagem de Pessoas com Cada Pontuação
Percentil de Números Respondidos
Sua Pontuação Histórica
Você não jogou esse quiz